पटकथा एवं संवाद लेखन / (Record no. 52091)

MARC details
000 -LEADER
fixed length control field 00648nam a2200181Ia 4500
005 - DATE AND TIME OF LATEST TRANSACTION
control field 20260429112041.0
008 - FIXED-LENGTH DATA ELEMENTS--GENERAL INFORMATION
fixed length control field 260429s9999||||xx |||||||||||||| ||und||
020 ## - INTERNATIONAL STANDARD BOOK NUMBER
International Standard Book Number 9789391798543
041 ## - LANGUAGE CODE
Language Hindi
082 ## - DEWEY DECIMAL CLASSIFICATION NUMBER
Classification number 808.23
Item number SHU
100 ## - MAIN ENTRY--PERSONAL NAME
Personal name सुधांशु, अनिरुद्ध कुमार
245 #0 - TITLE STATEMENT
Title पटकथा एवं संवाद लेखन /
Statement of responsibility, etc अनिरुद्ध कुमार सुधांशु
250 ## - EDITION STATEMENT
Edition statement 1st ed.
260 ## - PUBLICATION, DISTRIBUTION, ETC. (IMPRINT)
Place of publication, distribution, etc दिल्ली :
Name of publisher, distributor, etc एकैडमिक पब्लिकेशन,
Date of publication, distribution, etc 2021.
300 ## - PHYSICAL DESCRIPTION
Extent 128 p.; Hb
650 ## - SUBJECT ADDED ENTRY--TOPICAL TERM
Topical term or geographic name as entry element नाट्य लेखन
942 ## - ADDED ENTRY ELEMENTS (KOHA)
Koha item type Text Books
Holdings
Withdrawn status Lost status Damaged status Not for loan Collection code Home library Location Shelving location Date of Cataloging Source of acquisition Total Checkouts Full call number Barcode Date last seen Price effective from Koha item type
        Non-fiction CUTN Central Library CUTN Central Library Literature 29/04/2026 Kiran Book Service, New Delhi - Invoice No. IN-00113 on 09-02-2026   808.23 SHU 57166 29/04/2026 29/04/2026 Text Books